| 000 | 00529nam a2200181Ia 4500 | ||
|---|---|---|---|
| 008 | 140626s9999 xx 000 0 und d | ||
| 100 | _aKunde, Wilfred. | ||
| 245 |
_aTrust my face : _bcognitive factors of head fakes in sports / _cWilfred Kunde ... [et al.]. |
||
| 260 | _cc2011. | ||
| 300 | _a17 : 2, page 110 | ||
| 440 | _aJournal of Experimental Psycholgy : Applied | ||
| 521 | _aPSYCH | ||
| 650 | _aDeception. | ||
| 650 | _aMotor response. | ||
| 650 | _aReaction time. | ||
| 650 | _aSport psychology. | ||
| 942 | _cSE | ||
| 999 |
_c121310 _d121310 |
||